000 00470pab a2200169 454500
008 180718b1981 xxu||||| |||| 00| 0 eng d
100 _aNair, G. Ravindran
245 _aWelfare of the handicapped - The role of voluntary organisations
260 _c1981
300 _ap.672-678.
362 _aJul-Sep
650 _aNongovernmental organizations
650 _aDisabled persons
773 _aIndian Journal of Public Administration
908 _aN
909 _a88566
999 _c88566
_d88566